000 00381nam a22001697a 4500
005 20180131151141.0
008 160620b xxu||||| |||| 00| 0 eng d
020 _a978-81-263-2581-4
041 _aeng
082 _b8473
_a004
100 _aRajaraman, V.
_996
245 _aFundamentals of computer
260 _bPHI
300 _a385
650 _aManagement
_9241
942 _cBK
999 _c3242
_d3241